00469nam a22001577a 450000500170000001000150001702000260003203500140005803700130007208200120008510000240009724500520012126000500017327000560022330000320027920220822113754.0 aENG-134521 a9789383546114c500.00 aEN-118053 bDBAD/PUB a500.001 aSuryavanshi, Yogesh aMan Environment & WildLife/cYogesh Suryavanshi aGuwahatibMatri Publisher & Distributorc2015 aOpp. Brahmaputra Jute Mill A.K. Azad RoadbGuwahati avii, 248p.bIndexc23cm(hb)